Study on some plant extracts and their formulations as save, alternative and bio- control measures for certain insect pests (Record no. 51273)

MARC details
000 -LEADER
fixed length control field 01507cab a2200229Ia 45 0
001 - CONTROL NUMBER
control field u198418
003 - CONTROL NUMBER IDENTIFIER
control field SIRSI
008 - FIXED-LENGTH DATA ELEMENTS--GENERAL INFORMATION
fixed length control field 120228s2005 ua ss b eng d
040 ## - CATALOGING SOURCE
Original cataloging agency EAL
090 ## - LOCALLY ASSIGNED LC-TYPE CALL NUMBER (OCLC); LOCAL CALL NUMBER (RLIN)
Classification number (OCLC) (R) ; Classification number, CALL (RLIN) (NR) ART EJAR V83 No3 SI 10
100 1# - MAIN ENTRY--PERSONAL NAME
Personal name Kelany, Ibrahim M.
240 10 - UNIFORM TITLE
Uniform title Egyptian journal of agricultural research, 2005 v. 83 (3) , Special issue
Medium [electronic resource]:
-- The Third International Conference of Plant Protection Research Institute: 26-29 November 2005.
245 10 - TITLE STATEMENT
Title Study on some plant extracts and their formulations as save, alternative and bio- control measures for certain insect pests
Medium [electronic resource].
300 ## - PHYSICAL DESCRIPTION
Extent p.949-960.
504 ## - BIBLIOGRAPHY, ETC. NOTE
Bibliography, etc. note Includes references.
520 ## - SUMMARY, ETC.
Summary, etc. The conventional pesticides caused for the time being many problems, some of which the appearance of highly resistant strains of numerous pests, deleterious effects on the environment. At the same time such pesticides are expensive to export for developing poor countries with limited foreign currency. Therefore, the search for bio-active substances which have satisfactory properties concerning their effects on the target pests, not expensive to produce and also environmental safety is nowadays very urgent and not later on.
596 ## -
-- 1
650 #0 - SUBJECT ADDED ENTRY--TOPICAL TERM
Topical term or geographic name entry element Pests
General subdivision Biological control.
650 #0 - SUBJECT ADDED ENTRY--TOPICAL TERM
Topical term or geographic name entry element Plant extracts.
773 0# - HOST ITEM ENTRY
Title Egyptian Journal of Agricultural Research.
Related parts 2005.v.83(3),SI
International Standard Serial Number 1110-6336
Control subfield nnas
Record control number u158585
856 40 - ELECTRONIC LOCATION AND ACCESS
Uniform Resource Identifier <a href="http://nile.enal.sci.eg/EALE/2005/EJAR/8305/3si/949.pdf">http://nile.enal.sci.eg/EALE/2005/EJAR/8305/3si/949.pdf</a>
Public note Full Text Article.
942 ## - ADDED ENTRY ELEMENTS (KOHA)
Koha item type Articles
Source of classification or shelving scheme Library of Congress Classification

No items available.


Home | About ENAL | Collections | Services | Activities | Calendar | Contact us

7 Nadi El Sayed St., Giza, Egypt | Phone:02-33351121 +02-33351313 | 
| Email: enalegypt@gmail.com